00314nam a2200121Ia 4500008004100000041000800041082001200049100001900061245004000080260004100120300002400161365000700185240624s9999 xx 000 0 und d aeng a658 ROT aROTHMAN HOWARD a50 COMPANIES THAT CHANGED THE WORLD c2007aMumbaibJaico Publishing House a253 : p. : cm. ; 23 cRS